Режущий инструмент: альбом; Ч. 1; Термины и определения, резцы, сверла, зенкеры, развертки, абразивный инструмент, фрезы

Bibliographic Details
Other Authors: Гречишников В. А. (редактор)
Language:Russian
Published: Москва, Станкин, 1996
Series:Технология, оборудование и автоматизация машиностроительных производств
Subjects:
Format: Book
KOHA link:https://koha.lib.tpu.ru/cgi-bin/koha/opac-detail.pl?biblionumber=10784

MARC

LEADER 00000nam0a2200000 4500
001 10784
005 20231101204733.0
010 |a 5702800443 
035 |a (RuTPU)RU\TPU\book\10849 
035 |a BOOK00010915 
090 |a 10784 
100 |a 20011209d1996 m y0rusy50 ca 
101 0 |a rus 
102 |a RU 
105 |a a j 000zy 
200 1 |a Режущий инструмент  |e альбом  |h Ч. 1  |i Термины и определения, резцы, сверла, зенкеры, развертки, абразивный инструмент, фрезы  |f под ред. В. А. Гречишникова 
210 |a Москва  |c Станкин  |d 1996 
215 |a 348 с.  |c ил. 
225 1 |a Технология, оборудование и автоматизация машиностроительных производств 
606 1 |a Режущие инструменты  |2 stltpush  |3 (RuTPU)RU\TPU\subj\72754  |9 86158 
610 1 |a термины 
610 1 |a определения 
610 1 |a резцы 
610 1 |a сверла 
610 1 |a зенкеры 
610 1 |a развертки 
610 1 |a абразивные инструменты 
610 1 |a фрезы 
610 1 |a учебные пособия 
675 |a 621.9.02(075.8)(084)  |v 3 
702 1 |a Гречишников  |b В. А.  |4 340 
801 0 |a RU  |b 63413507  |c 20011209  |g PSBO 
801 2 |a RU  |b 63413507  |c 20201028  |g PSBO 
942 |c BK